Testovanie membránovej kryštalizácie na získavanie lítia

Salvato in:
Dettagli Bibliografici
Autore principale: Droščínová, Lucia (Autore)
Altri autori: Červeňanský, Ivan (Relatore della tesi)
Natura: Manoscritto Libro
Lingua:slovacco
Pubblicazione: 2025
Soggetti:
Accesso online:http://is.stuba.sk/zp/portal_zp.pl?podrobnosti=183406
Tags: Aggiungi Tag
Nessun Tag, puoi essere il primo ad aggiungerne!!

MARC

LEADER 00000ntm a22000003a 4500
001 stuzp105048
003 SK-STU
005 20250607211044.6
007 ta
008 150427s2015----xo-----f-mn---000-0-slo-d
040 |a STU  |b slo 
041 0 |a slo 
100 1 |a Droščínová, Lucia  |u 046230  |4 aut  |U FCHPT Ústav chemického a environmentálneho inžinierstva  |T FCHPT Oddelenie chemického a biochemického inžinierstva  |X 110661  |U C6230  |Y 119  |7 110661 
242 0 1 |a Testing membrane crystallization for lithium recovery  |y eng 
245 1 0 |a Testovanie membránovej kryštalizácie na získavanie lítia 
260 |c 2025 
650 4 |a lithium carbonate  |2 eng 
650 4 |a membrane crystallization  |2 eng 
650 4 |a ion exchange  |2 eng 
650 4 |a Donnan dialysis  |2 eng 
650 4 |a uhličitan lítny  |2 slo 
650 4 |a Donnanová dialýza  |2 slo 
650 4 |a membránová kryštalizácia  |2 slo 
650 4 |a iónova výmena  |2 slo 
700 1 |a Červeňanský, Ivan  |u 046230  |k Z1  |4 ths  |U FCHPT Ústav chemického a environmentálneho inžinierstva  |T FCHPT Oddelenie chemického a biochemického inžinierstva  |X 44034  |U C6230  |Y 119  |7 A00000044034 
856 4 |u http://is.stuba.sk/zp/portal_zp.pl?podrobnosti=183406